<?xml version="1.0" encoding="UTF-8"?>
<record
    xmlns:xsi="http://www.w3.org/2001/XMLSchema-instance"
    xsi:schemaLocation="http://www.loc.gov/MARC21/slim http://www.loc.gov/standards/marcxml/schema/MARC21slim.xsd"
    xmlns="http://www.loc.gov/MARC21/slim">

  <leader>01052nab a22002297a 4500</leader>
  <controlfield tag="005">20150806105747.0</controlfield>
  <controlfield tag="008">150805b1978    ck |||||r|||| 00| 0 spa d</controlfield>
  <datafield tag="040" ind1=" " ind2=" ">
    <subfield code="a">CO-BoIAVH</subfield>
    <subfield code="c">CO-BoIAVH</subfield>
  </datafield>
  <datafield tag="041" ind1="0" ind2=" ">
    <subfield code="a">spa</subfield>
  </datafield>
  <datafield tag="044" ind1=" " ind2=" ">
    <subfield code="a">ck</subfield>
  </datafield>
  <datafield tag="100" ind1="1" ind2=" ">
    <subfield code="a">Jaramillo Plitt, Jos&#xE9;</subfield>
    <subfield code="9">36591</subfield>
  </datafield>
  <datafield tag="245" ind1="1" ind2=" ">
    <subfield code="a">El riesgo de los insectisidas</subfield>
  </datafield>
  <datafield tag="260" ind1="3" ind2=" ">
    <subfield code="a">Ibagu&#xE9; (Colombia):</subfield>
    <subfield code="b">Centro de publicadores Universidad del Tolima,</subfield>
    <subfield code="c">1978.</subfield>
  </datafield>
  <datafield tag="300" ind1=" " ind2=" ">
    <subfield code="a">Suplemento cuarto, A&#xF1;o 1978, Pag. 1-2.</subfield>
  </datafield>
  <datafield tag="520" ind1=" " ind2=" ">
    <subfield code="a">El constante aumento de la poblaci&#xF3;n humana y proporcionalmente la demanda de alimentos, han obligado al hombre a desarrollar nuevos m&#xE9;todos y t&#xE9;cnicas para aumentar la producci&#xF3;n y productividad de los cultivos.</subfield>
  </datafield>
  <datafield tag="650" ind1=" " ind2="4">
    <subfield code="a">Insectisidas</subfield>
    <subfield code="x">Investigaci&#xF3;n</subfield>
    <subfield code="9">36651</subfield>
  </datafield>
  <datafield tag="650" ind1=" " ind2="4">
    <subfield code="a">Insectisidas</subfield>
    <subfield code="x">Efectos</subfield>
    <subfield code="9">36652</subfield>
  </datafield>
  <datafield tag="700" ind1="1" ind2=" ">
    <subfield code="a">Restrepo, Carlos</subfield>
    <subfield code="9">5902</subfield>
  </datafield>
  <datafield tag="710" ind1="1" ind2=" ">
    <subfield code="a">Universidad del Tolima</subfield>
    <subfield code="b">, Grupo ecol&#xF3;gico</subfield>
    <subfield code="9">36653</subfield>
  </datafield>
  <datafield tag="773" ind1="0" ind2=" ">
    <subfield code="a">Universidad del Tolima-</subfield>
    <subfield code="d">Ibagu&#xE9; (Colombia): Centro de publicaciones de la Universidad del Tolima, 1977.</subfield>
    <subfield code="t">SOS ecol&#xF3;gico</subfield>
  </datafield>
  <datafield tag="942" ind1=" " ind2=" ">
    <subfield code="2">z</subfield>
    <subfield code="c">ARTICULO</subfield>
  </datafield>
  <datafield tag="999" ind1=" " ind2=" ">
    <subfield code="c">17650</subfield>
    <subfield code="d">17650</subfield>
  </datafield>
</record>
